Revista andina / (Record no. 21835)

000 -CABECERA
fixed length control field 02154nam a22003617a 4500
003 - IDENTIFICADOR DEL NÚMERO DE CONTROL
control field AR-CdUCM
008 - DATOS DE LONGITUD FIJA--INFORMACIÓN GENERAL
fixed length control field 190425b ||||| |||| 00| 0 spa d
040 ## - FUENTE DE LA CATALOGACIÓN
Agencia/entidad que catalogó originalmente la obra MUNICIPALIDAD PROVINCIAL DEL CUSCO
Entidad que transcribió la catalogación BIBLIOTECA MUNICIPAL DEL CUSCO
082 ## - NÚMERO DE LA CLASIFICACIÓN DECIMAL DEWEY
No. de Clasificación Rev.Andi/N°10/1987
110 ## - ENTRADA PRINCIPAL--NOMBRE DE ENTIDAD CORPORATIVA
Nombre de la institución, jurisdicción como entrada principal Centro Bartolomé de Las Casas
9 (RLIN) 3293
245 ## - MENCIÓN DE TÍTULO
Título Revista andina /
Mención de responsabilidad Centro de estudios rurales andinos Bartolomé de Las Casas Cusco
260 ## - PUBLICACIÓN, DISTRIBUCIÓN, ETC.
Lugar de publicación, distribución, etc. Cusco :
Nombre de la editorial, distribuidor, etc. Centro Bartolomé de Las Casas,
Fecha de publicación, distribución, etc. 1987.
300 ## - DESCRIPCIÓN FÍSICA
Nº de Páginas Extensión 329-626 páginas. :
Otros detalles físicos ilustraciones ;
Dimensiones 23 cm.
440 ## - MENCIÓN DE SERIE/PUNTO DE ACCESO ADICIONAL--TÍTULO
Título Publicación Semestral del Centro Bartolomé de Las Casas Cusco.
Número de la parte/sección de una obra Año 5, Número 10, N°2, Segundo semestre 1987.
9 (RLIN) 46329
505 ## - NOTA DE CONTENIDO CON FORMATO
Nota de contenido formateada Contenido: Lenguas y pueblos altiplánicos en torno al siglo XVI. Alfredo Torero. -- Estrategias políticas y económicas de las etnias locales del Valle del Chillón durante el período prehispánico. Tom D. Dillehay. -- Tradición y cambio en las sociedades formativas de Bagua, Amazonas, Perú. Ruth Shady Solís. -- Un análisis de los tejidos en los atados rituales de los pastores. Elayne Zorn. -- Una biblioteca cusqueña confiscada por la Inquisición el proceso al doctor Agustín Valenciano de Quiñones, hereje reconciliado 1574-1595. Teodoro Hampe Martínez. -- El estudio económico del cambio técnico en la agricultura andina a propósito de dos libros de Figueroa y Cotlear. Bruno Kervyn. -- Crónicas, papeles y autores publicaciones y estudios recientes de los siglos XVI, XVII y XVIII. Henrique Urbano.
650 ## - PUNTO DE ACCESO ADICIONAL DE MATERIA--TÉRMINO DE MATERIA
Descriptor Comunidades campesinas
9 (RLIN) 2214
650 ## - PUNTO DE ACCESO ADICIONAL DE MATERIA--TÉRMINO DE MATERIA
Descriptor Economía campesina
9 (RLIN) 2215
650 ## - PUNTO DE ACCESO ADICIONAL DE MATERIA--TÉRMINO DE MATERIA
Descriptor Cultura andina
9 (RLIN) 46295
650 ## - PUNTO DE ACCESO ADICIONAL DE MATERIA--TÉRMINO DE MATERIA
Descriptor Lenguas indígenas
9 (RLIN) 46330
650 ## - PUNTO DE ACCESO ADICIONAL DE MATERIA--TÉRMINO DE MATERIA
Descriptor Textilería andina
9 (RLIN) 8669
650 ## - PUNTO DE ACCESO ADICIONAL DE MATERIA--TÉRMINO DE MATERIA
Descriptor Tejidos andinos
9 (RLIN) 46331
650 ## - PUNTO DE ACCESO ADICIONAL DE MATERIA--TÉRMINO DE MATERIA
Descriptor Agricultura andina
9 (RLIN) 19072
650 ## - PUNTO DE ACCESO ADICIONAL DE MATERIA--TÉRMINO DE MATERIA
Descriptor Santa Inquisición
9 (RLIN) 12902
700 ## - PUNTO DE ACCESO ADICIONAL--NOMBRE DE PERSONA
Nombre Personal Torero, Alfredo
9 (RLIN) 2062
700 ## - PUNTO DE ACCESO ADICIONAL--NOMBRE DE PERSONA
Nombre Personal Dillehay, Tom D.
9 (RLIN) 46332
700 ## - PUNTO DE ACCESO ADICIONAL--NOMBRE DE PERSONA
Nombre Personal Shady Solís, Ruth
9 (RLIN) 46333
700 ## - PUNTO DE ACCESO ADICIONAL--NOMBRE DE PERSONA
Nombre Personal Zorn, Elayne
9 (RLIN) 46334
700 ## - PUNTO DE ACCESO ADICIONAL--NOMBRE DE PERSONA
Nombre Personal Hampe Martínez, Teodoro
9 (RLIN) 3129
700 ## - PUNTO DE ACCESO ADICIONAL--NOMBRE DE PERSONA
Nombre Personal Kervyn, Bruno
9 (RLIN) 7289
700 ## - PUNTO DE ACCESO ADICIONAL--NOMBRE DE PERSONA
Nombre Personal Urbano, Henrique
9 (RLIN) 2078
942 ## - ELEMENTOS DE PUNTO DE ACCESO ADICIONAL (KOHA)
Fuente de clasificación
Tipo de item Revistas cusqueñas
945 ## - PROCESAMIENTO DE INFORMACIÓN LOCAL (OCLC)
Catalogador rac
Holdings
Estado de retiro (separado) Fuente de clasificación o esquema de estanterías Estado dañado Ubicación Sala donde se ubica Nombre de la colección Fecha de adquisición o compra Costo, precio normal en soles Signatura topográfica Código de Barras Última vez visto (Koha) Tipo de ítem (Koha)
No     Sala Hemeroteca Sala Hemeroteca Book Cart 2021-08-20 10.00 Rev.Andi/N°10/1987 REVC000308 2021-08-20 Revistas cusqueñas

Powered by Koha